| 000 | 00613cam a22002291 4500 | ||
|---|---|---|---|
| 001 | he 68002471 | ||
| 003 | DLC | ||
| 005 | 20260227111502.0 | ||
| 008 | 830602s1964 is 000 0 heb | ||
| 010 | _ahe 68002471 | ||
| 035 | _a(OCoLC)19146563 | ||
| 040 |
_aDLC _cMH _dDLC |
||
| 042 | _apremarc | ||
| 050 | 0 | 0 |
_aBS580.E4 _bG28 |
| 100 | 1 | _aGafni, Sheraga. | |
| 245 | 1 | 0 | _aEliyahu ha-navi. |
| 260 |
_aTel Aviv : _bM. Mizraḥi, _c[1964?] |
||
| 300 |
_a106 p. : _bill. ; _c25 cm. |
||
| 490 | 0 |
_aʻOlam ha-Tanakh la-yeled ; _v10 |
|
| 600 | 0 | 0 |
_aElijah _c(Biblical prophet) _xLegends. |
| 752 |
_aIsrael _dTel Aviv |
||
| 999 |
_c33614 _d33614 |
||